[Event "11th KIIT Festival 2018"]
[Site "Bhubaneswar"]
[Date "2018.05.28"]
[Round "6"]
[White "Neverov, Valeriy"]
[Black "Dixit, Nikhil"]
[Result "0-1"]
[WhiteElo "2496"]
[BlackElo "2271"]
[Annotator "TA"]
[PlyCount "104"]
[EventDate "2018.??.??"]
[EventType "swiss"]
[EventCountry "IND"]
[SourceTitle "playchess.com"]
[Source "ChessBase"]
[SourceQuality "1"]

{[%evp 20,104,51,45,52,44,62,50,113,89,86,77,90,70,71,77,160,45,74,8,7,0,0,16,23,25,37,22,25,33,30,0,0,9,6,0,14,14,18,15,20,0,0,-256,-257,-244,-43,-422,-51,-53,-69,-1522,-1380,-5265,-5193,-29975,-29976,-5110,-5085,-2397,-2168,-29977,-5635,-29989,-29990,-29990,-29985,-29985,-29986,-29986,-29987,-29987,-29988,-29988,-29989,-29988,-29984,-29984,-29985,-29980,-1956,-29981,-29982,-29988,-29989,-29989,-29990]} 1. d4 Nf6 2. c4 g6 3. Nc3 Bg7 4. e4 d6 5. f3 O-O 6. Nge2 c5 7. d5 Nbd7 8. Ng3 {E81: King's Indian: Sämisch: 6th move deviations (including 6 Be3 c6)} Re8 9. Be2 e6 10. O-O exd5 11. cxd5 {LiveBook: 3 Games} h5 12. Bg5 Qb6 13. Qd2 Ne5 (13... Nh7 $14 14. Be3 a6) 14. Rab1 $146 ({Predecessor:} 14. h3) 14... Bd7 15. h3 Nh7 16. Be3 {Strongly threatening f4.} h4 17. Nh1 $1 f5 {[#]} (17... Qb4 $142) 18. f4 ({White should try} 18. b4 $1 $16 {[%mdl 512]}) 18... Nf7 $14 19. Nf2 (19. b4 $1 $16) 19... Qa5 20. a3 {[%cal Ba2a3,Ba3b4][%mdl 32]} fxe4 21. b4 cxb4 22. axb4 Qd8 $1 23. Ncxe4 Nf6 24. Nxf6+ Qxf6 25. Rb3 Nh6 26. Ng4 Nxg4 27. hxg4 Ba4 28. g5 Qf5 29. Ra3 Bc2 30. Rxa7 Rac8 {...Bc3 is the strong threat.} 31. Rxb7 $2 {[%mdl 8192]} (31. Ra3 $1 $11) 31... Bc3 $19 {[%cal Bg7c3,Bc3d4,Bd4g1][%mdl 32]} 32. Qc1 {[#] Threatens to win with Bb5.} Be4 $2 (32... Bd3 $1 $19 {[%cal Rd3e2]} 33. Bxd3 Qxd3) 33. Bf3 $2 {[%mdl 8192] [#]} (33. Qd1 $1 $15 Bc2 34. Qc1) 33... Bxf3 $2 ({Black should play} 33... h3 $1 $19 {[%cal Rh3g2]} 34. Qd1 hxg2 35. Kxg2 Ra8 36. Bxe4 Qxe4+ 37. Qf3 (37. Rf3 Ra1 $19) 37... Qxe3 38. Qxe3 Rxe3) 34. Rxf3 $15 Qxd5 35. Bf2 $2 {[%mdl 8192] [#]} (35. Rb8 $15 Rxb8 36. Qxc3) 35... Re1+ $1 $19 {[%mdl 512]} 36. Bxe1 Bd4+ 37. Kh2 Rxc1 38. Rb8+ Kf7 39. Bxh4 Bg1+ 40. Kh3 Ba7 41. Rd8 Rh1+ 42. Kg3 Qe4 43. Rd7+ Ke6 44. Rxa7 Qe1+ 45. Rf2 Qe3+ 46. Rf3 Qxa7 47. Kg4 Qh7 {[%csl Gh1][%cal Rh7h4]} 48. Re3+ Kd5 49. Bf2 Qh5+ 50. Kg3 Rh4 {[%csl Gh4][%cal Rh5g4] Black mates.} 51. Rd3+ Kc4 {[%csl Gh4][%cal Rh5g4]} 52. Rd4+ Kc3 {Precision: White = 41%, Black = 49%.} 0-1

[Event "11th KIIT Festival 2018"]
[Site "Bhubaneswar"]
[Date "2018.05.28"]
[Round "6"]
[White "Vignesh N R"]
[Black "Rathanvel, V S"]
[Result "1/2-1/2"]
[WhiteElo "2485"]
[BlackElo "2292"]
[Annotator "TA"]
[PlyCount "65"]
[EventDate "2018.??.??"]
[EventType "swiss"]
[EventCountry "IND"]
[SourceTitle "playchess.com"]
[Source "ChessBase"]
[SourceQuality "1"]

{[%evp 23,65,54,81,0,4,9,0,1,17,-29,-27,-56,-54,-41,-40,-27,2,0,-19,-20,-18,-30,-25,-34,-56,-42,-46,-63,-54,-66,-68,-66,-43,-79,-83,-89,-74,-54,-24,-152,-152,-145,-49,-102]} 1. e4 c5 2. Nf3 d6 3. d4 cxd4 4. Nxd4 Nf6 5. Nc3 a6 6. h3 e6 7. g4 b5 8. Bg2 Bb7 9. O-O {B81: Sicilian Scheveningen: Keres Attack} Qc7 (9... Nfd7 10. Re1 Be7 11. e5 d5 12. a4 b4 13. Nxd5 Bxd5 14. Bxd5 exd5 15. e6 O-O 16. exd7 Qxd7 {1-0 (44) Anand,V (2803)-Volokitin,A (2639) Berlin 2015}) 10. Re1 Be7 11. a4 bxa4 12. Rxa4 O-O $1 {LiveBook: 5 Games} 13. Be3 $146 (13. Rb4 $16) ({Predecessor:} 13. Rb4 Nfd7 14. Rxb7 Qxb7 15. e5 d5 16. Nxe6 fxe6 17. Nxd5 {1-0 (17) Zhou,Y (2464)-Georgiev,K (2443) Sunny Beach 2014}) 13... Nfd7 $11 {[%cal Bf6d7,Bd7b6,Bb6c4][%mdl 32]} 14. Qe2 Nb6 15. Ra2 N8d7 16. Rea1 Nc4 17. Bc1 Bf6 18. Qd1 Rad8 19. g5 Be7 (19... Bxd4 $5 20. Qxd4 Nce5 $14) 20. Qe2 Rfe8 21. Rxa6 Bxa6 22. Rxa6 {[#] Hoping for Ncb5.} Nb8 $36 {[%mdl 2048] Black is pushing.} 23. Ncb5 Qc8 24. Ra7 {Rc7 is the strong threat.} Rd7 25. Rxd7 Nxd7 26. b3 Nce5 27. h4 Qa6 28. Ba3 Rb8 29. c4 Nc5 30. Qe3 Nc6 31. Bb2 (31. Nxc6 $11 {remains equal.} Qxc6 32. Nd4) 31... Nxd4 $17 32. Bxd4 {[#]} Nd7 (32... e5 $1 $17 {[%cal Re5d4]} 33. Bxc5 Qa1+ 34. Kh2 dxc5) 33. h5 {Precision: White = 34%, Black = 75%.} ({White should try} 33. Bc3 $15) 1/2-1/2

[Event "11th KIIT Festival 2018"]
[Site "Bhubaneswar"]
[Date "2018.05.28"]
[Round "6"]
[White "Deviatkin, Andrei"]
[Black "Rozum, Ivan"]
[Result "0-1"]
[WhiteElo "2467"]
[BlackElo "2581"]
[Annotator "TA"]
[PlyCount "146"]
[EventDate "2018.??.??"]
[EventType "swiss"]
[EventCountry "IND"]
[SourceTitle "playchess.com"]
[Source "ChessBase"]
[SourceQuality "1"]

{[%evp 10,146,-12,-16,-12,-24,-22,-31,-27,-29,-24,-23,-22,-20,-20,-28,-23,-22,-13,-45,-2,-41,-40,-38,-17,-22,-23,-33,-20,-14,-23,-21,-7,0,0,0,0,0,0,-26,-25,-50,-52,-56,-43,-54,-50,-64,-50,-65,-58,-67,-55,-55,-41,-33,-46,-72,-75,-81,-75,-121,-122,-139,-136,-144,-136,-135,-27,-31,-4,-36,-4,-4,-20,-4,-4,-4,-5,-9,0,0,0,-17,0,-75,-72,-63,-64,-64,-65,-70,-77,-122,-106,-222,-198,-222,-196,-222,-222,-210,-194,-411,-409,-535,-472,-29968,-29970,-29980,-29981,-29981,-29982,-29982,-29983,-29983,-29984,-6191,-6111,-5544,-5285,-2314,-4492,-4383,-4152,-29971,-2577,-5081,-4620,-29980,-29981,-29984,-29980,-29982,-29983,-29990,-29991,-29991,-29991]} 1. b3 e5 2. Bb2 Nc6 3. e3 g6 4. f4 Bg7 5. Nf3 d6 6. fxe5 {LiveBook: 8 Partien. A01: Larsen-Eröffnung} Nge7 (6... Nxe5 7. Nxe5 dxe5 8. Nc3 Nh6 9. Qf3 O-O 10. Bc4 c6 11. a4 Bf5 12. e4 {0-1 (89) Mamedyarov,S (2804)-Dreev,A (2653) chess.com INT 2018}) 7. Bc4 O-O 8. O-O {Die Stellung ist ausgeglichen.} Bg4 {[%cal Rc6e5]} 9. Nc3 Bxf3 $146 ({Vorgänger:} 9... Nxe5 10. Be2 Nxf3+ 11. Bxf3 Bxf3 12. Qxf3 {1-0 (48) Blatny,P (2512)-Konopka,M (2442) Opava 2000}) 10. Qxf3 {[%cal Rc4f7]} Nxe5 11. Qf4 ({Nicht} 11. Qxb7 $2 Nxc4 12. bxc4 Rb8 $19) 11... Nxc4 12. bxc4 Nc6 13. Rab1 Ne5 14. Nd5 f5 15. Qg3 c6 16. Nf4 Qd7 17. d3 Rae8 18. h3 Qe7 19. Bd4 $1 Bf6 20. Qf2 a6 21. a4 Qg7 22. Rb3 Rf7 23. Rfb1 Ree7 24. Rf1 Qh6 25. Ne2 Bh4 26. g3 Bg5 27. Nf4 Bf6 28. Kg2 Bh8 29. Rbb1 g5 30. Bxe5 dxe5 31. Ne2 e4 32. d4 Qe6 33. Rb4 a5 34. d5 Qd6 35. Rb3 Be5 36. Kh1 Qc5 37. Rd1 Qxc4 38. dxc6 Qxc2 (38... bxc6 $17 39. Rd8+ Kg7) 39. Rd8+ $11 Kg7 40. Rxb7 Rxb7 (40... Bc7 $5 {[%cal Rc7d8]} 41. Rd5 Qxc6 $11) 41. cxb7 Qb1+ 42. Kg2 $132 {[%mdl 2048] zielt auf Td5 ab. Weiss is not keeping still} Qxb7 {Weiss sollte ...h6 verhindern.} 43. Nd4 Bxd4 44. Rxd4 {[%mdl 4096] Endspiel KDT-KDT} Qb3 45. Qd2 Rf6 46. Rd5 Kg6 47. Rd6 (47. Rxa5 $11 {hält das Gleichgewicht.} h6 48. Qe2) 47... Qxa4 $17 48. Rxf6+ Kxf6 {KD-KD} 49. Qd6+ Kf7 {Droht ...Dc2+ und aus.} 50. Qd5+ Ke7 $1 51. Qe5+ Kd8 52. Qf6+ (52. Qd6+ $17 Kc8 53. Qc5+ Kb7 54. g4) 52... Kc7 $19 53. Qe5+ Kb7 $1 54. Qe7+ Kb6 {Droht stark ...Dc2+.} 55. Qd8+ Kc5 $1 56. Qc7+ $2 {[#]} (56. g4 {war die einzige Chance.}) 56... Kb4 $1 57. Qd6+ Kc3 58. Qe5+ (58. g4 $19 fxg4 59. Qe5+ Kd3 60. Qd5+ Ke2 61. Qxg5) 58... Kd3 59. Qxf5 Qc2+ 60. Kg1 Qd1+ 61. Kh2 Qe2+ 62. Kg1 Qxe3+ 63. Kh2 Qe2+ 64. Kg1 Qd1+ 65. Kh2 Qd2+ (65... Qc2+ $142 66. Kg1 Qb1+ 67. Kh2 Qb2+ 68. Kh1 a4 69. Qf1+ Ke3) 66. Kg1 Qc1+ 67. Kf2 Qb2+ (67... Qe3+ $142 68. Kg2 {[#]} Qf3+ $1 {[%mdl 512]} 69. Qxf3+ exf3+ 70. Kxf3 a4 71. Kg4 a3 72. Kf5 a2 73. Kxg5 a1=Q 74. Kf5 Qf1+ 75. Ke5 Qxh3 76. Kd5 Qxg3 77. Ke6 Qc7 78. Kf6 Ke4 79. Ke6 Qe5+ 80. Kf7 Kf5 81. Kg8 Kg6 82. Kf8 h5 83. Kg8 Qg7#) 68. Kf1 a4 69. Qd5+ Qd4 {Schwarz setzt Matt.} 70. Qb7 Qc4 71. Qa7 e3 72. Qxh7+ Kd2+ 73. Kg2 Qd5+ {Precision: Weiß = 43%, Schwarz = 70%.} 0-1

[Event "11th KIIT Festival 2018"]
[Site "Bhubaneswar"]
[Date "2018.05.28"]
[Round "6"]
[White "Nguyen, Van Huy"]
[Black "Hari Madhavan N B"]
[Result "1-0"]
[WhiteElo "2462"]
[BlackElo "2078"]
[Annotator "TA"]
[PlyCount "83"]
[EventDate "2018.??.??"]
[EventType "swiss"]
[EventCountry "IND"]
[SourceTitle "playchess.com"]
[Source "ChessBase"]
[SourceQuality "1"]

{[%evp 14,83,21,22,54,43,52,39,31,21,59,52,51,51,52,64,52,62,45,-33,-27,-31,-21,-39,12,7,24,0,57,60,104,110,120,116,122,113,107,124,255,173,170,100,166,80,72,74,79,0,0,0,0,0,309,312,335,291,466,466,459,459,459,450,551,366,437,435,602,594,480,470,1031,1028]} 1. d4 d5 2. Nf3 Nf6 3. c4 c6 4. Nc3 dxc4 5. a4 Bf5 6. Nh4 Be6 7. e4 g6 8. Nf3 h6 {D17: Slav Defence: 5 a4 Bf5: Lines with 6 Nh4 and 6 Ne5} (8... Bg7 9. Ng5 Bg4 10. f3 Bc8 11. Bxc4 O-O 12. Qb3 e6 13. Be3 Re8 14. O-O h6 15. Nh3 Nfd7 16. Bf2 {½-½ (25) Melkumyan,H (2614)-Bogdanovich,S (2464) St Petersburg 2010}) 9. Be3 {[%mdl 1024] White has compensation.} Bg7 10. h3 O-O {White is slightly better.} 11. Nd2 $146 ({Predecessor:} 11. Qc2 Qa5 12. Bd2 Qc7 13. Be3 Qa5 14. Bd2 Qc7 15. Be3 Qa5 {½-½ (15) Nadasi,L-Frander,L (2216) Hungary 2001}) 11... Qa5 12. Be2 Rd8 13. O-O ({Much weaker is} 13. Bxc4 Bxc4 14. Nxc4 Qb4 $15) 13... Ne8 14. Nxc4 Bxc4 15. Bxc4 Qb4 16. Qb3 (16. Bb3 $14) 16... Qxb3 $15 17. Bxb3 Bxd4 18. Rad1 $1 {[%cal Rd1d4]} e5 ({Black should play} 18... c5 $15) 19. Ne2 $36 {[%cal Re2d4][%mdl 2048] White is pushing.} c5 20. Nxd4 cxd4 (20... exd4 $11 21. Bxh6 Nc6) 21. Bxh6 $14 Kh7 22. Bc1 {And now f4 would win.} Nd6 23. f4 f6 24. fxe5 fxe5 25. Bg5 Nd7 (25... Na6 $16) 26. Bxd8 Rxd8 27. Bd5 (27. Rc1 $18) 27... Nb6 (27... Nc5 $16 {was worth a try.}) 28. a5 (28. Rc1 $18 {has better winning chances.}) 28... Nxd5 $16 29. exd5 {[%mdl 4096] Endgame KRR-KRN} Nf5 {[#] Black wants to play ...Ne3.} 30. Rc1 (30. Ra1 $1 $16) 30... d3 $1 $11 31. g4 Ne3 $1 {Hoping for ...d2.} 32. Rf7+ Kh6 $2 {[%mdl 8192] [#]} (32... Kg8 $11 {and Black is okay.} 33. Rcc7 (33. Rxb7 $2 d2 $19) 33... d2 34. Rg7+ Kh8 35. Rh7+ Kg8 36. Rhg7+ Kh8 37. Rh7+ Kg8 38. Rhg7+) 33. Kf2 $1 $18 {[%cal Rf2e3]} Nxd5 34. Kf3 ({Less strong is} 34. Rxb7 e4 $14) 34... d2 $2 (34... Kg5 {was called for.} 35. Rxb7 a6) 35. Rd1 Nf4 36. h4 {Intending g5+ and mate.} g5 37. hxg5+ Kg6 38. Rf6+ Kxg5 39. Rf5+ {White is clearly winning.} Kg6 40. Rxe5 Nd3 41. Re6+ Kg7 (41... Kf7 $142) 42. Rxd2 {Precision: White = 62%, Black = 49%.} 1-0

[Event "11th KIIT Festival 2018"]
[Site "Bhubaneswar"]
[Date "2018.05.28"]
[Round "6"]
[White "Laxman, R R"]
[Black "Ghosh, Diptayan"]
[Result "0-1"]
[WhiteElo "2444"]
[BlackElo "2536"]
[Annotator "TA"]
[PlyCount "64"]
[EventDate "2018.??.??"]
[EventType "swiss"]
[EventCountry "IND"]
[SourceTitle "playchess.com"]
[Source "ChessBase"]
[SourceQuality "1"]

{[%evp 17,64,0,2,-7,9,-43,-51,-39,-45,-112,-53,-116,-110,-111,-105,-143,-151,-138,-148,-190,-191,-258,-228,-312,-287,-296,-285,-291,-291,-259,-263,-455,-303,-402,-385,-400,-406,-639,-628,-577,-402,-402,-380,-394,-343,-703,-685,-593,-465]} 1. d4 Nf6 2. c4 e6 3. Nf3 b6 4. g3 Ba6 5. Nbd2 d5 6. cxd5 exd5 7. Bg2 {E15: Queen's Indian: 4 g3 sidelines, 4 g3 Ba6 and 4 g3 Bb7 early deviations} Bd6 8. Ne5 O-O 9. O-O c5 {[%cal Bc7c5,Bc5c4][%mdl 32] LiveBook: 6 Games} 10. Ndf3 Re8 $146 ({Predecessor:} 10... cxd4 11. Bg5 h6 12. Bxf6 Qxf6 13. Qxd4 Bxe2 14. Rfe1 Bxf3 15. Nxf3 {½-½ (29) Karpov,A (2700)-Anand,V (2771) Dortmund 1999}) 11. Nd3 (11. Bf4 $11) 11... Nc6 12. Be3 c4 {[#]} 13. Nf4 ({White should play} 13. Nde5 $1 $15 {[%mdl 512]} Bxe5 (13... Nxe5 14. Nxe5) 14. dxe5 Nxe5 15. Nxe5 Rxe5 16. Bd4) 13... b5 ({Black should try} 13... h6 $17 14. h4 Bb7) 14. Qc2 (14. Ne5 $1 $15 Nxe5 15. dxe5 Bxe5 16. Nxd5) 14... h6 15. Rad1 Bb7 16. h3 a5 $36 {[%cal Ba7a5,Ba5b4,Bb4b3][%mdl 2080] White is under strong pressure.} 17. a3 b4 18. axb4 axb4 19. Nh2 (19. Qc1 {only move.}) 19... b3 $19 20. Qb1 Nb4 21. Ng4 Nxg4 22. hxg4 Bxf4 23. Bxf4 Rxe2 {Hoping for ...Nd3.} 24. Bf3 $2 {[#]} (24. Rd2 {was necessary.} Re8 25. Qd1) 24... Re6 25. Qf5 {White hopes to continue with g5.} g6 {[%cal Bg7g6,Bg6g5][%mdl 32]} 26. Qb1 Nc2 27. Qc1 (27. Kg2 $142) 27... g5 28. Be3 Qe7 29. Qd2 Nxe3 30. fxe3 Rxe3 31. Kf2 $2 (31. Rfe1 Rxe1+ 32. Rxe1) 31... Re8 32. Kg2 Bc8 {Precision: White = 33%, Black = 75%.} 0-1

[Event "11th KIIT Festival 2018"]
[Site "Bhubaneswar"]
[Date "2018.05.28"]
[Round "6"]
[White "Akash Pc, Iyer"]
[Black "Deodhar Vrushali Umesh"]
[Result "1-0"]
[WhiteElo "2432"]
[BlackElo "1712"]
[Annotator "TA"]
[PlyCount "73"]
[EventDate "2018.??.??"]
[EventType "swiss"]
[EventCountry "IND"]
[SourceTitle "playchess.com"]
[Source "ChessBase"]
[SourceQuality "1"]

{[%evp 10,73,37,-9,58,57,57,64,65,68,95,76,114,57,60,54,64,50,66,40,61,49,43,43,62,57,72,71,97,75,109,83,85,45,93,97,109,51,78,68,82,77,149,135,259,257,485,486,558,522,455,431,425,375,319,344,1704,1636,1586,1583,1585,1568,29989,446,438,431]} 1. d4 d5 2. c4 c6 3. Nc3 Nf6 4. Nf3 dxc4 5. g3 Bf5 6. Bg2 {LiveBook: 14 Games. D15: Slav Defence: 4 Nc3 a6 and gambit lines after 4 Nc3 dxc4} h6 ({Black should play} 6... Nbd7 $11) (6... Nbd7 7. a4 a5 8. Nh4 e6 9. Nxf5 exf5 10. Qc2 g6 11. O-O Bg7 12. Rd1 O-O 13. d5 cxd5 14. Nxd5 Nxd5 15. Rxd5 {1-0 (31) Tkachiev,V (2637)-Dziuba,M (2576) Warsaw 2013}) 7. Ne5 $14 Nbd7 8. Nxc4 {White is slightly better.} e6 9. O-O Rc8 $146 ({Predecessor:} 9... Be7 10. Bf4 Nb6 11. Ne5 O-O 12. a4 a5 13. Qb3 Bb4 14. Rad1 Qe7 15. Nd3 Bg6 16. Ne5 {½-½ (16) Das Chagas,D (1980)-Mazetto,S (2188) Curitiba 2016}) 10. e4 Bh7 11. e5 (11. Bf4 $16) 11... Nd5 12. Ne4 Bxe4 $1 13. Bxe4 N7b6 14. Ne3 Be7 15. Qg4 g6 16. Bd2 h5 17. Qe2 Bg5 18. a4 Nc7 19. Qd3 Kf8 20. f4 Bh6 21. h3 Qe7 22. Qb3 $36 {[%mdl 2048] [#] Bb4 is the strong threat. Keeping Black busy.} Kg7 23. g4 (23. a5 $16 Nbd5 24. Qxb7) 23... hxg4 $1 24. hxg4 Kg8 25. g5 Bf8 ({Better is} 25... Bg7) 26. Ng4 $16 Nbd5 (26... Bg7 $16 {was necessary.}) 27. Kg2 $18 (27. Qxb7 Qd8 $14) 27... c5 $2 {[#]} (27... Bg7 28. Rh1 (28. Qxb7 Qe8 $16) 28... Rxh1 29. Rxh1 Qd8) 28. Rh1 Bg7 29. Rxh8+ Bxh8 30. Rh1 Bg7 31. Qh3 Kf8 32. Nf6 Nxf6 $2 (32... Qd8 33. Qd3 Ne7) 33. gxf6 Bxf6 34. exf6 Qxf6 35. Qh8+ Ke7 36. Qxf6+ (36. Qxc8 $142 Qxd4 37. Qxc7+ Ke8 38. Kg3 Qg7 39. Ba5 f5 40. Qxg7 fxe4 41. Rh8#) 36... Kxf6 37. dxc5 {Precision: White = 67%, Black = 26%.} 1-0

[Event "11th KIIT Festival 2018"]
[Site "Bhubaneswar"]
[Date "2018.05.28"]
[Round "6"]
[White "Gukesh D"]
[Black "Debashis, Das"]
[Result "1/2-1/2"]
[WhiteElo "2426"]
[BlackElo "2522"]
[Annotator "TA"]
[PlyCount "60"]
[EventDate "2018.??.??"]
[EventType "swiss"]
[EventCountry "IND"]
[SourceTitle "playchess.com"]
[Source "ChessBase"]
[SourceQuality "1"]

{[%evp 10,60,33,17,40,29,27,27,39,35,22,30,18,13,14,10,23,6,31,11,36,37,42,52,49,29,40,38,30,38,32,7,6,6,6,-9,15,0,0,0,4,0,0,0,62,44,45,43,65,0,43,0,56]} 1. Nf3 Nf6 2. g3 d5 3. Bg2 e6 4. O-O Nbd7 5. d3 Be7 6. Nbd2 {LiveBook: 17 Partien. A07: Barcza-System (Königsfianchetto mit möglichen Übergängen in andere Systeme)} Nc5 (6... c6 7. e4 Qc7 8. d4 dxe4 9. Ng5 O-O 10. Ndxe4 h6 11. Nxf6+ Nxf6 12. Nf3 Rd8 13. Qe2 b6 {½-½ (61) Harikrishna,P (2665)-Tiviakov,S (2677) Wijk aan Zee 2012}) 7. c4 O-O 8. b3 {Weiß hat minimalen Vorteil.} b6 9. Bb2 Bb7 10. Qc2 Na6 $146 ({Vorgänger:} 10... Rc8 11. Rad1 Nfd7 12. d4 Na6 13. e4 Nb4 {1-0 (33) Flesch,J-Bratoszewski,J Reggio Emilia 1964}) 11. a3 c5 12. e3 Rc8 13. Rac1 Qc7 14. Qb1 Rfd8 15. b4 {[%cal Bb3b4,Bb4b5][%mdl 32]} dxc4 16. b5 Nb8 17. Be5 Qd7 18. Bxb8 Rxb8 19. Ne5 Qc7 {[#] Droht ...Lxg2 und aus.} 20. Ndxc4 Nd5 21. d4 Rbc8 22. h4 Bf8 23. Rfd1 Qe7 24. Qb3 cxd4 25. Rxd4 f6 26. Nd3 Qe8 (26... Kh8 $11) 27. Rd1 Kh8 28. Ndb2 Ba8 29. Nd3 (29. a4 $14) 29... Bb7 30. Ndb2 Ba8 {Precision: Weiß = 46%, Schwarz = 53%.} 1/2-1/2

[Event "11th KIIT Festival 2018"]
[Site "Bhubaneswar"]
[Date "2018.05.28"]
[Round "6"]
[White "Manik Mikulas"]
[Black "Mozharov, Mikhail"]
[Result "1/2-1/2"]
[WhiteElo "2411"]
[BlackElo "2558"]
[Annotator "TA"]
[PlyCount "65"]
[EventDate "2018.??.??"]
[EventType "swiss"]
[EventCountry "IND"]
[SourceTitle "playchess.com"]
[Source "ChessBase"]
[SourceQuality "1"]

{[%evp 20,65,28,27,30,33,42,33,33,42,31,-43,0,0,60,60,57,54,56,55,67,57,91,82,93,85,116,75,116,125,151,115,133,129,128,124,135,137,127,109,136,126,174,132,209,175,223,205]} 1. e4 e5 2. Nf3 Nc6 3. Bb5 a6 4. Ba4 Nf6 5. O-O Be7 6. d3 d6 7. c3 O-O 8. Re1 Re8 9. Nbd2 Bf8 10. Nf1 h6 11. Ng3 d5 {C77: Ruy Lopez: 3...a6 4 Ba4 Nf6, unusual lines} (11... b5 12. Bb3 Na5 13. Bc2 c5 14. d4 exd4 15. cxd4 Bg4 16. d5 Nc4 17. h3 Bxf3 18. gxf3 Qa5 19. b3 Ne5 20. Kg2 Ng6 21. Bd2 Nh4+ 22. Kh1 {½-½ (68) Bacrot,E (2725)-Almasi,Z (2682) Riadh 2017}) 12. Bxc6 $146 ({Predecessor:} 12. Qe2 b5 13. Bc2 Be6 14. h3 d4 15. Bd2 a5 16. Nf5 a4 17. g4 a3 18. bxa3 Rxa3 19. cxd4 Nxd4 20. N3xd4 exd4 {0-1 (33) Nowicki,B (2262)-Thybo,J (2465) Warsaw 2017}) 12... bxc6 13. exd5 Qxd5 {White is slightly better.} 14. c4 Qd6 15. Ne4 ({White should try} 15. b3 $14) 15... Qd8 16. Ng3 $36 {[%mdl 2048] White is pushing.} Bd6 (16... Qd6 $11) 17. Bd2 $14 c5 18. Bc3 $1 {[%cal Rf3e5]} Nd7 19. Re3 Bb7 20. Qe2 $1 {[%cal Rf3e5]} Bxf3 21. Qxf3 g6 22. Rae1 Rb8 23. b3 Rf8 24. Ne4 Qh4 25. Nxd6 cxd6 26. Qc6 Qe7 27. f4 f6 28. Rh3 Kg7 29. Rg3 Rb6 30. Qf3 Qf7 31. Ba5 {[%cal Bc3a5,Ba5c7,Bc7d6][%mdl 32] White is clearly better.} Rbb8 (31... exf4 $16 32. Rh3 (32. Qxf4 Rc6 $14) 32... Rbb8) 32. Bc7 Rbc8 33. Bxd6 {Precision: White = 75%, Black = 32%.} 1/2-1/2

[Event "11th KIIT Festival 2018"]
[Site "Bhubaneswar"]
[Date "2018.05.28"]
[Round "6"]
[White "Kaustuv, Kundu"]
[Black "Tran, Tuan Minh"]
[Result "0-1"]
[WhiteElo "2360"]
[BlackElo "2512"]
[Annotator "TA"]
[PlyCount "72"]
[EventDate "2018.??.??"]
[EventType "swiss"]
[EventCountry "IND"]
[SourceTitle "playchess.com"]
[Source "ChessBase"]
[SourceQuality "1"]

{[%evp 15,72,20,28,-7,0,-18,-29,-32,-28,-18,-18,-29,-15,-16,-2,-41,-16,-43,0,0,0,0,0,0,0,-95,-106,-81,-87,-93,-101,-90,-14,-32,0,0,0,0,-4,-94,6,0,0,0,0,0,0,0,0,-68,-85,-245,-234,-432,-292,-536,-519,-489,-467]} 1. Nf3 Nf6 2. c4 b6 3. g3 Bb7 4. Bg2 e6 5. O-O Be7 6. Nc3 O-O 7. Re1 d5 8. cxd5 Nxd5 {LiveBook: 180 Games} 9. Qc2 {A17: English Opening: 1...Nf6 with ...Bb4} (9. Nxd5 exd5 10. d4 Nd7 11. b3 Re8 12. Bb2 Bb4 13. Nd2 Nf6 14. a3 Bd6 15. Nc4 Bf8 16. Qc2 Ne4 {1-0 (58) Bu,X (2681)-Zhao,J (2621) China 2015}) 9... c5 10. b3 Nc6 11. Bb2 $146 {Black has an edge.} ({Predecessor:} 11. Nxd5 Qxd5 12. Bb2 Nd4 13. Qd1 {½-½ (34) Porper,E (2460)-Gardner,R (2134) Edmonton 2008}) 11... Rc8 12. Nxd5 Qxd5 13. Rac1 Nd4 14. Qb1 e5 (14... g6 {feels hotter.} 15. Bxd4 cxd4 16. Rxc8 Rxc8 17. Rc1 Qd6) 15. d3 f5 16. Nh4 e4 17. e3 Ne6 18. dxe4 fxe4 19. Red1 Qc6 20. Rc4 (20. Bf1 $11) 20... Ng5 $17 21. Rc2 {[%cal Bc4c2,Bc2d2,Bd2d7,Bd7c7][%mdl 32]} Rf7 22. Rcd2 Rcf8 23. Be5 Qc8 ({Better is} 23... Qe6 $17 24. Qb2 Ba6) 24. Rd7 $11 Bc6 25. Rc7 Nh3+ 26. Bxh3 $1 Qxh3 27. Rd2 (27. Rxe7 $1 $11 {remains equal.} Rxe7 28. Bd6) 27... Qe6 ({Black should try} 27... Bxh4 $17 28. Rxf7 (28. Rxc6 $2 Rxf2 29. Rxf2 Rxf2 $19) 28... Kxf7 29. gxh4 Bb5) 28. Ng2 Bb5 29. Qb2 Rd8 30. Rxd8+ Bxd8 31. Rxf7 $1 Kxf7 $40 {[%mdl 128] Black mounts an attack.} 32. Bxg7 (32. Nf4 $11 Qd7 33. h4) 32... Qg4 $15 {[#] ( -> ...Qd1+)} 33. Qd2 $2 (33. Bc3 $17) 33... Qxg7 $19 34. h4 $2 (34. Qd5+ Ke7 35. h4) 34... Bd3 35. Nf4 $2 (35. Qd1) 35... Qa1+ 36. Kh2 Qf1 {Precision: White = 24%, Black = 60%.} 0-1